Statistics for A Series of Unfortunate Events Franchise

Click here to take the quiz!

General Stats

  • This quiz has been taken 3 times
  • The average score is 15 of 31

Answer Stats

Type Year Name Info % Correct
Children's Novel1999The Bad BeginningDaniel Handler
100%
Children's Novel2006The EndDaniel Handler
100%
Children's Novel2005The Penultimate PerilDaniel Handler
100%
Film2004Lemony Snicket's A Series of Unfortunate EventsParamount / DreamWorks
100%
Children's Novel1999The Reptile RoomDaniel Handler
100%
Children's Novel2001The Vile VillageDaniel Handler
100%
Children's Novel2004The Grim GrottoDaniel Handler
100%
Children's Novel2002Lemony Snicket: The Unauthorized AutobiographyDaniel Handler
67%
Children's Novel2003The Slippery SlopeDaniel Handler
67%
Children's Novel2002The Carnivorous CarnivalDaniel Handler
67%
Children's Novel2001The Hostile HospitalDaniel Handler
67%
Children's Novel2001The Ersatz ElevatorDaniel Handler
67%
Children's Novel2000The Austere AcademyDaniel Handler
67%
Children's Novel2000The Wide WindowDaniel Handler
67%
Children's Novel2014Shouldn't You Be in School?Daniel Handler
33%
Children's Novel2013When Did You See Her Last?Daniel Handler
33%
Children's Novel2000The Miserable MillDaniel Handler
33%
Pamphlet200613 Shocking Secrets You'll Wish You Never Knew About Lemony SnicketDaniel Handler
0%
Supplementary Book2014File Under: 13 Suspicious IncidentsDaniel Handler
0%
Children's Novel2012Who Could That Be at This Hour?Daniel Handler
0%
Supplementary Book2007Horseradish: Bitter Truths You Can't AvoidDaniel Handler
0%
Short Story2004Mysterious Messages Concerning the Dismal DinnerDaniel Handler
0%
Supplementary Book2006The Notorious NotationsDaniel Handler
0%
Children's Novel2006The Beatrice LettersDaniel Handler
0%
Card Game2004The Catastrophic Card GameMattel
0%
Board Game2004The Perilous Parlor GameMattel
0%
Supplementary Book2004The Blank BookDaniel Handler
0%
Supplementary Book2004The Puzzling Puzzles: Bothersome Games Which Will Bother Some PeopleDaniel Handler
0%
Children's Novel2015Why Is This Night Different From All Other Nights?Daniel Handler
0%

Score Distribution

Percentile by Number Answered

Percent of People with Each Score

Your Score History

You have not taken this quiz